00000000nam 2200000zi 4500
0019.944028
003CaOODSP
00520250128150911
006m     o  d f      
007cr mn|||||||||
008241010t20252025onca    ob   f000 0 eng d
020 |a9780660739878
040 |aCaOODSP|beng|erda|cCaOODSP
043 |an-cn---
0861 |aSG5-105/2024E-PDF
24500|aHow can civic tech help improve government service delivery?
264 1|a[Ottawa] : |bEmployment and Social Development Canada = Emploi et développement social Canada, |c2025.
264 4|c©2025
300 |a1 online resource (50 pages) : |billustrations (chiefly colour)
336 |atext|btxt|2rdacontent
337 |acomputer|bc|2rdamedia
338 |aonline resource|bcr|2rdacarrier
500 |aIssued also in French under title: Comment la technologie civique peut-elle aider à améliorer la prestation des services gouvernementaux?
500 |a"2025 - 01 - 23"--Cover.
500 |a"The Canadian Digital Service (CDS) is part of Employment and Social Development Canada"--Supplied from publisher.
504 |aIncludes bibliographical references.
650 0|aInternet in public administration|zCanada|xCitizen participation.
650 0|aPublic administration|xCitizen participation|xTechnological innovations|zCanada.
7102 |aCanadian Digital Service, |eissuing body.
77508|tComment la technologie civique peut-elle aider à améliorer la prestation des services gouvernementaux?|w(CaOODSP)9.944029
85640|qPDF|s3.53 MB|uhttps://publications.gc.ca/collections/collection_2025/edsc-esdc/SG5-105-2024-eng.pdf